| 000 | 00329nam a2200133Ia 4500 | ||
|---|---|---|---|
| 999 |
_c20421 _d20421 |
||
| 082 | _aTT.0031 | ||
| 100 | _aTrivedi, M.C. | ||
| 245 | 0 | _aSociological study of retired people | |
| 260 |
_c0 _bNagpur University |
||
| 300 | _aiv, 603p. | ||
| 650 | _aRETIREES - MAHARASTHRA - NAGPUR | ||
| 710 | _aWilkinson, T.S. | ||
| 942 |
_cTH _2ddc |
||